000 00303nam a22001097a 4500
041 _aENG
245 _aReclamation and Management of Waterlogged Saline Soils ( National Seminar Proceedings April 5 to 8,1994 )
260 _aHisar
_bCCS
_c1995
300 _a454
650 _aIDE ( 05 )
856 _uIDE ( 05 )
999 _c1545
_d1545